Marvel- All Avengers - Statistics

General Stats
  • This quiz has been taken 840 times
    730 since last reset
  • The average score is 53 of 219
Answer Stats
Name % Correct
Anthony 'Tony' Stark/Iron Man
97%
Steven Rogers/Cpt. America
94%
Amadeus Cho/The Hulk
90%
Bruce Banner/Hulk
90%
Janet Foster/Thor
90%
Thor Odinson
89%
Clinton Barton/Hawkeye
88%
Natasha Romanoff/Black Widow
88%
Katherine Bishop/Hawkeye
86%
Peter Parker/Otto Octavius/Spiderman
86%
Miles Morales/Spider-Man
83%
T'Challa/Black Panther
80%
Henry Pym/Ant-Man
78%
Scott Lang/Ant-Man
77%
Eric O'Grady/Ant-Man
76%
Wanda Maximoff/Scarlet Witch
76%
Samuel Wilson/Falcon
72%
Janet Van Dyne/Wasp
71%
Nadia Pym/Wasp
70%
Stephen Strange/Dr. Strange
70%
Mar-Vell/Cpt Marvel
69%
Jonas/Vision
67%
Pietro Maximoff/Quicksilver
67%
Vision
67%
James Rhodes/War Machine
66%
James Barnes/Winter Soldier
65%
James Howlett/Wolverine
64%
Loki Laufeyson
62%
Jennifer Walters/She-Hulk
54%
Lyra/She-Hulk
54%
Benjamin Grimm/Thing
53%
Jonathan Storm/Human Torch
53%
James Hammond/Human Torch
52%
Matthew Murdock/Daredevil
52%
Reed Richards/Mr. Fantastic
51%
Kamala Khan/Ms. Marvel
50%
Nicholas Fury
50%
Susan Storm/Invisible Woman
49%
Wade Wilson/Deadpool
49%
Daniel Rand/Iron Fist
47%
Lucas Cage/Power-Man
47%
Jessica Drew/Spider-Woman
43%
Veranke/Spider-Woman
43%
Henry McCoy/Beast
42%
Thaddeus Ross/Red Hulk
41%
Ororo Munroe/Storm
40%
Jessica Jones
38%
Marcus Spector/Moon Knight
38%
Namor McKenzie/Sub-Mariner
36%
Shang-Chi
35%
Brunnhilde/Valkyrie
33%
Maria Hill
33%
Brian Braddock/Cpt. Britain
30%
Richard Rider/Nova
30%
Samuel Alexander/Nova
30%
Simon Williams/Wonder Man
30%
Anna Marie/Rogue
29%
Brandt/Mantis
29%
Eric Brooks/Blade
29%
Hercules
29%
Robert Reynolds/Sentry
29%
Dane Whitman/Black Knight
28%
Barbara Barton/Mockingbird
27%
Greer Nelson/Tigra
27%
Theodore Altman/Hulkling
27%
Jonathan Walker/U.S. Agent
26%
Nathan Summers/Cable
25%
Norman Osborn/Iron Patriot
25%
Adam/Nightmask
24%
Alexander 'Alex' Summers/Havok
23%
Ava Ayala/White Tiger
23%
Crystal Maximoff
23%
Jacques Duquesne/Swordsman
23%
Patricia Walker/Hellcat
23%
Phillip Javert/Swordsman
23%
Rita DeMara/Yellowjacket
23%
William Baker/Sandman
23%
Ares
22%
Circe/Sersi
22%
Daisy Johnson/Quake
22%
Dorreen Green/Squirrel Girl
22%
Heather Douglas/Moondragon
22%
Thomas Shepard/Speed
22%
Wendell Vaughn/Quasar
22%
Angelica Jones/Firestar
21%
Eugene Thompson/Agt. Venom
21%
Marcus Milton/Hyperion
20%
Maya Lopez/Echo
20%
Sharon Carter/Agent 13
20%
Eros/Starfox
19%
Jocasta
19%
Roberto Da Costa/Sunspot
19%
Samuel Guthrie/Cannonball
19%
Vance Astrovik/Justice
18%
Anthony Druid/Dr. Druid
17%
Melissa Gold/Songbird
17%
Phillip Coulson
17%
X-51/Machine Man
17%
Yondu Udonta
17%
Adam Brashear/Blue Marvel
16%
Elijah Bradley/Patriot
16%
Eric Masterson/Thunderstrike
16%
Jonathan Hart/Jack of Hearts
16%
Kevin Masterson/Thunderstrike
16%
Monica Rambeau/Spectrum
16%
Nathaniel Richards/Iron Lad
16%
Walter Newell/Stingray
16%
Bonita Juarez/Firebird
15%
Christopher Powell/Darkhawk
15%
Elvin Haliday/Rage
15%
Gilgamesh/Forgotten One
15%
Matthew Hawk/Two-Gun Kid
15%
Victor Alvarez/Power-Man
15%
Abyss
14%
Alison 'Ali' Blaire/Dazzler
14%
Anya Corazon/Spider-Girl
14%
Raven Darkholme/Mystique
14%
Richard Jones/A-Bomb
14%
Shiro Yoshida/Sunfire
14%
Tamara Devoux/Cpt Universe
14%
Alexis/Protector
13%
America Chavez/Mrs. America
13%
Dennis Dunphy/Demolition Man
13%
Ex Nihilo
13%
Kevin Connor/Starbrand
13%
Miguel Santos/Living Lightning
13%
Eden Fesi/Manifold
12%
Maria Santiago/Silverclaw
12%
Carol Danvers/Miss Marvel/Cpt. Marvel
11%
Charlie-27
11%
Doombot
11%
Isabella Kane/Smasher
11%
Jericho Drumm/Dr. Voodoo
11%
Martinex T'Naga
11%
Robert Frank Sr./Whizzer
11%
Stakar/Starhawk
11%
Aquaria Neptunia/Namora
10%
Cassandra Lang/Stinger
10%
Charles Chandler/3-D Man
10%
Delroy Garrett Jr./3-D Man
10%
Harold Chandler/3-D Man
10%
Lester/Bullseye
10%
Nicholette Gold/Nikki
10%
Emilia Guerrero/Synapse
9%
Karla Sofen/Moonstone
9%
Noh-Varr/Marvel Boy
9%
Victor Mancha
9%
Anthony Masters/Taskmaster
8%
Ashley Crawford/Big Bertha
8%
DeMarr Davis/Doorman
8%
Humberto Lopez/Reptil
8%
Jennifer Takeda/Hazmat
8%
Kaluu
8%
Nico Minoru/Sister Grimm
8%
Robert Baldwin/Speedball
8%
Robert Grayson/Marvel-Boy
8%
Aikku Jokinen/Pod
7%
Cletus Kasady/Carnage
7%
Craig Hollis/Mr. Immortal
7%
Daken Akihiro
7%
Giulietta Nefaria/Masque
7%
Julia Carpenter/Mme. Web
7%
Julianne Power/Lightspeed
7%
Kelsey Shorr/Lionheart
7%
Kenneth Mack/Mettle
7%
Kyle Richmond/Nighthawk
7%
Skaar
7%
Val Ventura/Flatman
7%
Brandon Sharpe/Striker
6%
Dennis Sykes/Flux
6%
Magdalene
6%
Marrina Smallwood
6%
Moira Brandon
6%
Singularity
6%
Jeanne Foucalt/Finesse
5%
Lifecry
5%
Macdonald Gargan/Scorpion
5%
Michaud/Validator
5%
Victor Creed/Sabertooth
5%
William Kaplan
5%
Amora/Enchantress
4%
Crusher Creel/Absorbing Man
4%
Dinah Soar
4%
Kenneth Hale/Gorilla-Man
4%
Ravonna Renslayer/Terminatrix
4%
Roderick Kingsley/Hobgoblin
4%
David Alleyne/Prodigy
3%
Harold Osborn/American Son
3%
Jonathan Aman/Prince of Orphans
3%
Alani Ryan/Loa
2%
Douglas Taggert/Grasshopper
2%
Dr. Spectrum
2%
Emery Schaub/Butterball
2%
Fiona
2%
Gregor Willis/Gravity
2%
James Santini/Batwing
2%
James Woo
2%
Johnny Gallo/Ricochet
2%
Michiko Musashi/Turbo
2%
Monica Chang
2%
Taki Matsuya/Wiz Kid
2%
Thundra
2%
Tippy Toe
2%
Tomi Shishido/Gorgon
2%
Venus
2%
Yvette/Hollow
2%
Ai Apaec
1%
Charles Barton/Trickshot
1%
Deidre Wentworth/Superia
1%
Gene Lorenne/Leather Boy
1%
Jack O'Lantern
1%
Janet Hastings/Jann of the Jungle
1%
Jeffrey Walters/Blur
1%
June Covington/Toxie Doxie
1%
M-11/Human Robot
1%
Medusalith Amaquelin-Boltagon/Queen Medusa
1%
Monkey Joe
1%
Ragnarok
1%
Zarda Shelton/Warrior Woman
1%
No matching quizzes found
Score Distribution
Percent of People with Each Score
Percentile by Number Answered
Your Score History
You have not taken this quiz since the last reset